Carlo Mantegazza and another v Neil Holland Architects Ltd and another (Record no. 78334)

MARC details
000 -LEADER
fixed length control field 01687cab a2200193 4500
001 - CONTROL NUMBER
control field ##L136532
008 - FIXED-LENGTH DATA ELEMENTS--GENERAL INFORMATION
fixed length control field 070206n2006 000 0 eng u
035 ## - SYSTEM CONTROL NUMBER
System control number (Sirsi) u136532
041 0# - LANGUAGE CODE
Language code of text/sound track or separate title eng
245 00 - TITLE STATEMENT
Title Carlo Mantegazza and another v Neil Holland Architects Ltd and another
260 ## - PUBLICATION, DISTRIBUTION, ETC.
Date of publication, distribution, etc. 2006
490 #0 - SERIES STATEMENT
Series statement Construction Industry Law Letter
Volume/sequential designation October 2006, 2381-2384(4)
520 ## - SUMMARY, ETC.
Summary, etc. [2006] EWHC 2133 (TCC), 11 May 2006. Considered whether new claims against architects for failing to properly supervise a construction contract were covered by the compromise agreement. Claimants (M) engaged defendant (N) as architects for an extension to their property. Disputes broke out, with M claiming that N failed to properly administer the contract with regards to the quality of the brickwork, mortar and pointing. N issued a Part 36 offer which M accepted in full and final settlement of all claims made. Two years later, M made new claims against N having discovered that the mortar used had led to erosion. N denied liability and M started proceedings. N lodged an application to strike out M's action, submitting the claims had already been part of the compromise and as being an abuse of process "Held": application refused. The new claims were not within the compromise agreement and it was not an abuse of process to pursue claims that were not included in the compromise and not known about until much later.
650 24 - SUBJECT ADDED ENTRY--TOPICAL TERM
Topical term or geographic name entry element MANTEGAZZA AND ANOTHER V NEIL HOLLAND ARCHITECTS LTD AND ANOTHER
650 24 - SUBJECT ADDED ENTRY--TOPICAL TERM
Topical term or geographic name entry element CIVIL PROCEDURE RULES PART 36
651 #4 - SUBJECT ADDED ENTRY--GEOGRAPHIC NAME
Geographic name England and Wales
Chronological subdivision 1543-
690 ## - LOCAL SUBJECT ADDED ENTRY--TOPICAL TERM (OCLC, RLIN)
Topical term or geographic name as entry element BUILT ENVIRONMENT-CONSTRUCTION MANAGEMENT-BUILDING CONTRACT ADMINISTRATION
942 ## - ADDED ENTRY ELEMENTS (KOHA)
Suppress in OPAC 0
Holdings
Withdrawn status Lost status Source of classification or shelving scheme Damaged status Not for loan Home library Current library Shelving location Date acquired Total Checkouts Full call number Barcode Date last seen Copy number Price effective from Koha item type
    Dewey Decimal Classification     London London Journal article 06/02/2007   L136532 136532-1001 06/08/2019 1 06/08/2019 Law report